Normal view
MARC view
Entry Personal Name
001 - CONTROL NUMBER
- control field: 81041
003 - CONTROL NUMBER IDENTIFIER
- control field: dpl
005 - DATE AND TIME OF LATEST TRANSACTION
- control field: 20250507112334.0
008 - FIXED-LENGTH DATA ELEMENTS
- fixed length control field: 250507|| aca||aabn | a|a d
040 ## - CATALOGING SOURCE
- Original cataloging agency: dpl
- Transcribing agency: dpl
100 ## - HEADING--PERSONAL NAME
- Personal name: Ramabadran, Rasipuram
670 ## - SOURCE DATA FOUND
- Source citation: Work cat.: (dpl)191497: Ramabadran, Rasipuram, Sri Ramakrishna: The Personification of Gods and Goddesses/, 2011
